Préfectures de France : Metz - Statistiques

Statistiques générales
  • Ce quiz a été pris 61 fois
  • Le résultat moyen est 13 sur 29
Statistiques - réponses
Question Réponse % Correct
Quel numéro porte celui-ci ? 57
100%
De quel département est-ce la préfecture ? Moselle
98%
La ville est située dans la vallée du / de la Moselle
98%
Comment se nomment ses habitants ? Messins
94%
A quelle région administrative appartient la ville depuis 2015 ? Grand Est
90%
Citez une des disciplines sportives dominantes dans la commune Handball | Football
73%
En 1944, les Allemands résistent dans Metz, la ville n'est libérée qu'au mois de... décembre
71%
Citez une des deux couleurs principales du blason Noir | Blanc
67%
Le principal journal local est Le Républicain lorrain
65%
La ville appartient au diocèse de/d' Metz
65%
La ville appartient à l'académie de/d' Nancy-Metz
63%
Quelles sont les sous-préfectures qui en dépendent ? Thionville
63%
Quelles sont les sous-préfectures qui en dépendent ? Forbach
59%
Quelles sont les sous-préfectures qui en dépendent ? Sarrebourg
51%
Quelles sont les sous-préfectures qui en dépendent ? Sarreguemines
51%
Les communes limitrophes dont le nom contient un O sont Woippy
51%
Les communes limitrophes dont le nom contient un O sont Montigny-lès-Metz
45%
Les communes limitrophes dont le nom contient un O sont Longeville-lès-Metz
31%
La ville est annexée par la France en 1552 par le roi Henri II
12%
Les communes limitrophes dont le nom contient un O sont Lorry-lès-Metz
12%
La ville s'est développée à l'époque gallo-romaine sur la butte... Sainte-Croix
12%
Les communes limitrophes dont le nom contient un O sont Vantoux
12%
De 511 à 751, la ville devient la capitale du royaume de/d' Austrasie
10%
Les communes limitrophes dont le nom contient un O sont Pouilly
10%
Le 1er évêque de la ville est, selon la légende, Clément
8%
Les communes limitrophes dont le nom contient un O sont Coincy
8%
Quel est le nom romain de la commune ? Divodurum Mediomatricorum
6%
Citez une des décorations portées par la ville ? Légion d'honneur | Croix de guerre 1939-1945
2%
Quel est le plus ancien nom connu de la commune ? Mediomatrix
0%
Aucun quiz correspondant
Distribution des résultats
% des personnes avec chaque résultat
Percentile par nombre de réponses
Votre historique - résultats
Vous n’avez pas pris ce quiz